[Event "56th POL-ch"]
[Site "Polanica-Zdroj POL"]
[Date "1999.04.23"]
[Round "1"]
[White "Grabarczyk, Bogdan"]
[Black "Staniszewski, Piotr"]
[Result "1-0"]
[WhiteElo "2380"]
[BlackElo "2454"]
[EventDate "1999.04.23"]
[PlyCount "121"]
[Source "Vistula"]
[SourceDate "1999.08.16"]

1.e4 c5 2.Nf3 d6 3.d4 cxd4 4.Qxd4 Nc6 5.Bb5 Bd7 6.Bxc6 Bxc6 7.Nc3 Nf6 8.
Bg5 e6 9.O-O-O Be7 10.Qd3 Qa5 11.Kb1 O-O 12.g4 Rfc8 13.Bd2 Qa6 14.g5 Qxd3 
15.cxd3 Ng4 16.Rhf1 Ne5 17.Ne1 b6 18.f4 Nd7 19.Nf3 Nc5 20.Bc1 Bb7 21.Nd4 
Ba6 22.Rf3 g6 23.h4 Bf8 24.Nc2 Bb7 25.Re3 d5 26.e5 h5 27.gxh6 Bxh6 28.Rf3 
Ba6 29.h5 Bxd3 30.Rdxd3 Nxd3 31.Rxd3 gxh5 32.Nd4 a6 33.Rh3 b5 34.Rxh5 Bg7 
35.Be3 Rc4 36.Nce2 Re8 37.b3 Rc7 38.Rg5 Kh7 39.Nf3 f6 40.Rg3 fxe5 41.fxe5 
Kg8 42.Bg5 Rf7 43.Nf4 Kh7 44.Rh3+ Kg8 45.Nh5 Rf5 46.Nxg7 Kxg7 47.Bf6+ Kf7 
48.Kc2 Rg8 49.Kd3 Rg2 50.Nd4 Rf1 51.Rh7+ Kg8 52.Re7 Rg3+ 53.Ke2 Ra1 54.Kf2
Rg4 55.Nxe6 Rxa2+ 56.Ke3 Rag2 57.Nf4 d4+ 58.Kf3 R2g3+ 59.Ke4 d3 60.e6 Kf8 
61.Rd7 1-0

[Event "56th POL-ch"]
[Site "Polanica-Zdroj POL"]
[Date "1999.04.23"]
[Round "1"]
[White "Jakubiec, Artur"]
[Black "Ehrenfeucht, Wojciech"]
[Result "1-0"]
[WhiteElo "2428"]
[BlackElo "2337"]
[EventDate "1999.04.23"]
[PlyCount "117"]
[Source "Vistula"]
[SourceDate "1999.08.16"]

1.f4 Nf6 2.Nf3 g6 3.g3 Bg7 4.Bg2 O-O 5.O-O d5 6.d3 b6 7.Qe1 Bb7 8.h3 Nbd7 
9.g4 c5 10.c3 Qc7 11.Na3 e5 12.fxe5 Nxe5 13.Nxe5 Qxe5 14.Bf4 Qe6 15.Qf2 
Bc6 16.Rae1 d4 17.c4 Nd7 18.Nb5 Bxg2 19.Qxg2 Be5 20.e3 dxe3 21.Rxe3 Rac8 
22.Kh1 a6 23.Nc3 f6 24.Nd5 Rf7 25.b3 Qd6 26.h4 Bxf4 27.Rxf4 Ne5 28.Rfe4 
Rcf8 29.Qg3 Qd8 30.d4 cxd4 31.Rxd4 Qb8 32.Rd1 b5 33.g5 Nd7 34.Qxb8 Rxb8 
35.Ne7+ Kf8 36.Rxd7 fxg5 37.c5 Re8 38.c6 Rfxe7 39.Rexe7 Rxe7 40.c7 Rxd7 
41.c8=Q+ Ke7 42.Qc5+ Ke6 43.Qe3+ Kd5 44.hxg5 Kc6 45.Qe6+ Rd6 46.Qc8+ Kb6 
47.b4 Rd2 48.Qc5+ Kb7 49.Qe7+ Kb6 50.Qxh7 Rd6 51.Kg2 a5 52.bxa5+ Kxa5 53.
Qc7+ Rb6 54.Kf3 b4 55.Ke4 Ka6 56.Kd4 Rb5 57.Kc4 Rb6 58.Qxb6+ Kxb6 59.Kxb4 
1-0

[Event "56th POL-ch"]
[Site "Polanica-Zdroj POL"]
[Date "1999.04.23"]
[Round "1"]
[White "Kempinski, Robert"]
[Black "Macieja, Bartlomiej"]
[Result "0-1"]
[WhiteElo "2533"]
[BlackElo "2553"]
[EventDate "1999.04.23"]
[PlyCount "112"]
[Source "Vistula"]
[SourceDate "1999.08.16"]

1.d4 Nf6 2.Nf3 g6 3.c4 Bg7 4.Nc3 d5 5.Qb3 dxc4 6.Qxc4 O-O 7.e4 Na6 8.Be3 
c5 9.dxc5 Ng4 10.Bd2 Be6 11.Qb5 Bd4 12.Nd1 Bxc5 13.Be2 Qb6 14.O-O Rfd8 15.
Ba5 Qxb5 16.Bxb5 b6 17.Bc3 Nb4 18.a3 Nc2 19.Rc1 Nd4 20.Nxd4 Bxd4 21.Bb4 a6
22.Be2 Ra7 23.Bc3 Nf6 24.e5 Ng4 25.Bxd4 Rxd4 26.Rc6 b5 27.Bxg4 Rxg4 28.Ne3
Re4 29.Rc5 Rd7 30.Rc8+ Kg7 31.Ra8 Rxe5 32.Rxa6 Bb3 33.Ng4 Rc5 34.h3 h5 35.
Nh2 Rd2 36.Ra7 e5 37.Nf3 Rxb2 38.h4 Re2 39.Rb1 Bd5 40.Ng5 Rec2 41.Ra5 Rc1+
42.Rxc1 Rxc1+ 43.Kh2 Rc4 44.Rxb5 Rxh4+ 45.Nh3 Rd4 46.Rc5 Kf6 47.a4 Ke6 48.
a5 f6 49.Rb5 Ra4 50.Ng1 Rh4+ 51.Nh3 Ra4 52.Ng1 Ra2 53.f3 Bc4 54.Rb6+ Kf5 
55.Kh1 Bf1 56.g4+ Kf4 0-1

[Event "56th POL-ch"]
[Site "Polanica-Zdroj POL"]
[Date "1999.04.23"]
[Round "1"]
[White "Grabarczyk, Miroslaw"]
[Black "Socko, Bartosz"]
[Result "0-1"]
[WhiteElo "2462"]
[BlackElo "2497"]
[EventDate "1999.04.23"]
[PlyCount "124"]
[Source "Vistula"]
[SourceDate "1999.08.16"]

1.d4 Nf6 2.c4 g6 3.g3 Bg7 4.Bg2 O-O 5.Nf3 d6 6.Nc3 Nc6 7.O-O a6 8.b3 Rb8 
9.Nd5 Nh5 10.Bb2 e6 11.Nc3 b5 12.d5 Ne7 13.dxe6 fxe6 14.c5 Bb7 15.cxd6 
cxd6 16.Qd2 Qd7 17.Rad1 Rbd8 18.a3 Nf6 19.Qc2 Qc8 20.Qb1 Qa8 21.Rfe1 Ne4 
22.Nxe4 Bxe4 23.Qa1 e5 24.b4 Nf5 25.Rf1 Bh6 26.Qa2+ Kh8 27.Qb3 Bg7 28.Rd2 
Rc8 29.Ne1 Rc4 30.Qd1 Bh6 31.Rd3 Kg8 32.Bxe4 Qxe4 33.Nf3 Rfc8 34.Ne1 Qc6 
35.Qb3 Kf8 36.Rd1 Ke7 37.Rd3 Qe4 38.Qd1 Bc1 39.Bxc1 Rxc1 40.Qd2 Nd4 41.f3 
Qf5 42.Qe3 R8c3 43.Kf2 Rxd3 44.Qxc1 Rb3 45.e3 Ne6 46.Kg1 Kd7 47.f4 exf4 
48.gxf4 Qe4 49.Ng2 Qc4 50.Qa1 Rc3 51.Rd1 Rc2 52.Ne1 Re2 53.Qh8 Qe4 54.
Qxh7+ Ke8 55.Qh8+ Kd7 56.Qh7+ Kc6 57.Kf1 Qxe3 58.Qh4 Nxf4 59.Qg3 Qe4 60.
Nf3 Re3 61.Nd4+ Kb7 62.Qg5 Rf3+ 0-1

[Event "56th POL-ch"]
[Site "Polanica-Zdroj POL"]
[Date "1999.04.23"]
[Round "1"]
[White "Sosnicki, Michal"]
[Black "Markowski, Tomasz"]
[Result "1/2-1/2"]
[WhiteElo "2286"]
[BlackElo "2549"]
[EventDate "1999.04.23"]
[PlyCount "118"]
[Source "Vistula"]
[SourceDate "1999.08.16"]

1.d4 d5 2.c4 e6 3.Nc3 c6 4.e3 f5 5.g4 Nf6 6.gxf5 exf5 7.Qb3 Be7 8.cxd5 
Nxd5 9.Nxd5 Qxd5 10.Qxd5 cxd5 11.Bg2 Be6 12.Ne2 Kf7 13.Nf4 Rd8 14.Bd2 Nc6 
15.Rc1 Kf6 16.Nh5+ Kf7 17.Nf4 Kf6 18.Nh5+ Kf7 19.Nf4 a5 20.Ke2 Ra6 21.Nd3 
Kf6 22.Nc5 Rb6 23.b3 Bc8 24.Na4 Ra6 25.Nc5 Ra8 26.Rc2 Nb4 27.Bxb4 axb4 28.
Nd3 Be6 29.Rd1 Bf7 30.Rdd2 Bd6 31.Ne5 Be6 32.f4 Rdc8 33.Kd3 Rf8 34.Bf3 g6 
35.Rg2 Rfc8 36.Rxc8 Rxc8 37.Rc2 Rxc2 38.Kxc2 g5 39.Bh5 Bf8 40.Kd2 h6 41.
Be8 Bd6 42.Ke2 Ke7 43.Bh5 Bc7 44.Bg6 Bc8 45.Kd2 Kf6 46.Be8 Be6 47.Bh5 Bd8 
48.Be8 Ke7 49.Bh5 Bc7 50.Bg6 Kf8 51.Bh5 Bd6 52.Ke2 Ke7 53.Kd2 Bc8 54.Bg6 
Bc7 55.Bh5 Be6 56.Bg6 Bb6 57.Kd3 Kf8 58.Bh5 Bd8 59.Ke2 Bc7 1/2-1/2

[Event "56th POL-ch"]
[Site "Polanica-Zdroj POL"]
[Date "1999.04.23"]
[Round "1"]
[White "Urban, Klaudiusz"]
[Black "Pinski, Jan"]
[Result "1/2-1/2"]
[WhiteElo "2444"]
[BlackElo "2346"]
[EventDate "1999.04.23"]
[PlyCount "136"]
[Source "Vistula"]
[SourceDate "1999.08.16"]

1.d4 Nf6 2.Nf3 e6 3.g3 b5 4.Bg2 Bb7 5.O-O c5 6.c3 cxd4 7.cxd4 h6 8.Re1 Be7
9.Qd3 b4 10.a3 bxa3 11.bxa3 O-O 12.Nc3 d6 13.Rb1 Bc6 14.d5 Bxd5 15.Nxd5 
exd5 16.Nd4 Nbd7 17.Nf5 Nb6 18.Bb2 Re8 19.Ne3 Rb8 20.Bxf6 Bxf6 21.Nxd5 
Nxd5 22.Bxd5 Qc7 23.e3 Bb2 24.Re2 Qc3 25.Qxc3 Bxc3 26.Rc1 Ba5 27.Rc6 Rb6 
28.Rec2 Rxc6 29.Rxc6 Rd8 30.a4 Kf8 31.Ra6 Bb6 32.a5 Bc5 33.Rc6 Re8 34.g4 
g5 35.Kf1 Re5 36.e4 Re7 37.a6 Re8 38.Kg2 Re7 39.Rc8+ Kg7 40.Rb8 Kf6 41.Rb7
Bd4 42.f4 Be3 43.fxg5+ hxg5 44.Kf3 Bd2 45.Ke2 Bf4 46.h3 Bc1 47.Kd3 Bf4 48.
Kc4 Bd2 49.Kb5 Bf4 50.Kc6 Bd2 51.Kb5 Bf4 52.Ka4 Be3 53.Kb3 Bf2 54.Ka3 Be3 
55.Ka2 Bf2 56.Kb2 Be3 57.Ka1 Bd4+ 58.Kb1 Be3 59.Kc2 Bf4 60.Kd1 Be3 61.Ke1 
Bc1 62.Ke2 Bf4 63.Kf3 Bd2 64.Rb2 Bc3 65.Rb3 Bd2 66.Rd3 Bb4 67.Rb3 Bd2 68.
Rb7 Bc1 1/2-1/2

[Event "56th POL-ch"]
[Site "Polanica-Zdroj POL"]
[Date "1999.04.24"]
[Round "2"]
[White "Markowski, Tomasz"]
[Black "Kuczynski, Robert"]
[Result "1-0"]
[WhiteElo "2549"]
[BlackElo "2430"]
[EventDate "1999.04.23"]
[PlyCount "81"]
[Source "Vistula"]
[SourceDate "1999.08.16"]

1.g3 g6 2.Bg2 Bg7 3.c4 f5 4.Nc3 Nf6 5.e3 O-O 6.Nge2 d6 7.O-O c6 8.d3 e5 9.
b3 Be6 10.Ba3 Re8 11.e4 Na6 12.exf5 gxf5 13.d4 Bf7 14.Qd2 Bg6 15.Rad1 Nh5 
16.dxe5 dxe5 17.Qc1 Qc7 18.b4 Rad8 19.b5 Nb8 20.Qc2 Bf8 21.Qa4 a6 22.bxc6 
bxc6 23.Bb4 Bxb4 24.Qxb4 e4 25.f3 Nd7 26.fxe4 fxe4 27.c5 Qe5 28.Qc4+ Kh8 
29.Na4 Nb8 30.Rxd8 Rxd8 31.Nac3 Nf6 32.Nf4 Bf5 33.h3 e3 34.g4 Bc2 35.Nce2 
Be4 36.Qf7 Bxg2 37.Ne6 Rg8 38.Rxf6 Nd7 39.Rf5 Qb2 40.Qxd7 Bd5 41.Qf7 1-0

[Event "56th POL-ch"]
[Site "Polanica-Zdroj POL"]
[Date "1999.04.24"]
[Round "2"]
[White "Grabarczyk, Bogdan"]
[Black "Jakubiec, Artur"]
[Result "1/2-1/2"]
[WhiteElo "2380"]
[BlackElo "2428"]
[EventDate "1999.04.23"]
[PlyCount "33"]
[Source "Vistula"]
[SourceDate "1999.08.16"]

1.e4 c5 2.Nf3 e6 3.d4 cxd4 4.Nxd4 a6 5.c4 Nf6 6.Nc3 d6 7.Be2 Be7 8.O-O O-O
9.Be3 b6 10.Qd2 Bb7 11.f3 Nbd7 12.Rfd1 Rc8 13.Rac1 Qc7 14.Qe1 Qb8 15.Qf2 
Rfe8 16.Bf1 Bd8 17.b4 1/2-1/2

[Event "56th POL-ch"]
[Site "Polanica-Zdroj POL"]
[Date "1999.04.24"]
[Round "2"]
[White "Macieja, Bartlomiej"]
[Black "Grabarczyk, Miroslaw"]
[Result "0-1"]
[WhiteElo "2553"]
[BlackElo "2462"]
[EventDate "1999.04.23"]
[PlyCount "72"]
[Source "Vistula"]
[SourceDate "1999.08.16"]

1.e4 e5 2.Nf3 Nc6 3.Bb5 Nf6 4.Qe2 Bc5 5.c3 Qe7 6.h3 O-O 7.d3 a6 8.Ba4 d6 
9.Nbd2 Nd8 10.Nf1 Ne6 11.N3h2 Ne8 12.g4 g6 13.Rg1 N8g7 14.Be3 c6 15.O-O-O 
Bxe3+ 16.fxe3 d5 17.exd5 cxd5 18.d4 e4 19.Bb3 Nc7 20.Kb1 b5 21.g5 Bxh3 22.
Qf2 a5 23.Qh4 Be6 24.Ng4 Bxg4 25.Rxg4 Nf5 26.Qh3 a4 27.Bc2 b4 28.c4 b3 29.
axb3 axb3 30.Bxb3 dxc4 31.Bxc4 Rfb8 32.Qh2 Qa3 33.Bxf7+ Kf8 34.Bb3 Rxb3 
35.Kc1 Qa1+ 36.Kd2 Rxb2+ 0-1

[Event "56th POL-ch"]
[Site "Polanica-Zdroj POL"]
[Date "1999.04.24"]
[Round "2"]
[White "Ehrenfeucht, Wojciech"]
[Black "Urban, Klaudiusz"]
[Result "0-1"]
[WhiteElo "2337"]
[BlackElo "2444"]
[EventDate "1999.04.23"]
[PlyCount "64"]
[Source "Vistula"]
[SourceDate "1999.08.16"]

1.e4 g6 2.d4 Bg7 3.Nf3 d6 4.Bc4 Nc6 5.c3 Nf6 6.Qe2 O-O 7.O-O Nd7 8.b4 e5 
9.b5 Na5 10.Bd3 c5 11.d5 h6 12.Nfd2 f5 13.f3 Nf6 14.Nb3 c4 15.Bxc4 Nxc4 
16.Qxc4 fxe4 17.Be3 exf3 18.Rxf3 Bf5 19.N1d2 Rc8 20.Qa4 Nxd5 21.Qxa7 Rxc3 
22.Re1 Qd7 23.a4 Rcc8 24.Na5 Ra8 25.Qxb7 Nxe3 26.Rfxe3 Rxa5 27.Qd5+ Be6 
28.Qe4 Rf4 29.Qxg6 Raxa4 30.b6 Rg4 31.Qc2 Qb7 32.Ne4 Ra2 0-1

[Event "56th POL-ch"]
[Site "Polanica-Zdroj POL"]
[Date "1999.04.24"]
[Round "2"]
[White "Pinski, Jan"]
[Black "Kempinski, Robert"]
[Result "1/2-1/2"]
[WhiteElo "2346"]
[BlackElo "2533"]
[EventDate "1999.04.23"]
[PlyCount "114"]
[Source "Vistula"]
[SourceDate "1999.08.16"]

1.e4 c5 2.c3 d6 3.d4 Nf6 4.Bd3 g6 5.dxc5 dxc5 6.e5 Nfd7 7.e6 fxe6 8.Nf3 
Nc6 9.Qe2 Bg7 10.Na3 Nde5 11.Nxe5 Nxe5 12.Be4 Qc7 13.Bg5 Nf7 14.Bh4 Nd6 
15.Bg3 Qa5 16.Bxd6 exd6 17.Nc4 Qc7 18.O-O-O d5 19.Bxd5 O-O 20.Bxe6+ Kh8 
21.Bxc8 Raxc8 22.Nd6 Rb8 23.h4 Rf6 24.Qd2 b5 25.Rhe1 Rff8 26.Kb1 b4 27.c4 
Bc3 28.Qd5 Bxe1 29.Rxe1 b3 30.axb3 Qg7 31.Qxc5 Rxb3 32.Re2 h6 33.Nb5 Rd3 
34.Qxa7 Qf6 35.Qc5 Rd1+ 36.Kc2 Rf1 37.f3 Rh1 38.Nd4 Rd8 39.Re6 Qf4 40.Nc6 
Qc1+ 41.Kb3 Qd1+ 42.Kb4 Qd2+ 43.Kb3 Rd3+ 44.Ka4 Ra1+ 45.Kb5 Rb3+ 46.Nb4 
Qd7+ 47.Qc6 Qxc6+ 48.Rxc6 Rxb2 49.Rb6 Rab1 50.Kc5 Rxg2 51.Kd6 h5 52.c5 
Rgb2 53.Nd5 Rxb6+ 54.cxb6 g5 55.Kc7 gxh4 56.Nf4 Rc1+ 57.Kd7 Rb1 1/2-1/2

[Event "56th POL-ch"]
[Site "Polanica-Zdroj POL"]
[Date "1999.04.25"]
[Round "3"]
[White "Jakubiec, Artur"]
[Black "Staniszewski, Piotr"]
[Result "0-1"]
[WhiteElo "2428"]
[BlackElo "2454"]
[EventDate "1999.04.23"]
[PlyCount "70"]
[Source "Vistula"]
[SourceDate "1999.08.16"]

1.f4 d5 2.Nf3 Nf6 3.g3 g6 4.Bg2 Bg7 5.O-O O-O 6.d3 b6 7.Qe1 Bb7 8.h3 c5 9.
Na3 Nbd7 10.g4 Qc7 11.Qg3 Bc6 12.c4 e6 13.Bd2 a6 14.Qh4 h6 15.Rae1 b5 16.
b3 bxc4 17.bxc4 Rab8 18.f5 g5 19.Bxg5 hxg5 20.Nxg5 d4 21.fxe6 fxe6 22.Nxe6
Qd6 23.Nxg7 Kxg7 24.Qg5+ Kh7 25.Qf5+ Kh8 26.Bxc6 Qxc6 27.Qg6 Qc7 28.Kg2 
Qb7+ 29.Kg1 Qc7 30.Kg2 Ne5 31.Qh6+ Nh7 32.Qxa6 Rg8 33.Qe6 Ng6 34.Nb5 Nh4+ 
35.Kh1 Qg3 0-1

[Event "56th POL-ch"]
[Site "Polanica-Zdroj POL"]
[Date "1999.04.25"]
[Round "3"]
[White "Urban, Klaudiusz"]
[Black "Grabarczyk, Bogdan"]
[Result "1/2-1/2"]
[WhiteElo "2444"]
[BlackElo "2380"]
[EventDate "1999.04.23"]
[PlyCount "50"]
[Source "Vistula"]
[SourceDate "1999.08.16"]

1.d4 f5 2.g3 Nf6 3.Bg2 g6 4.c3 Bg7 5.Qb3 Nc6 6.Nf3 e6 7.O-O a5 8.a4 O-O 9.
Nbd2 d5 10.Qc2 Ne4 11.b3 e5 12.dxe5 Nxe5 13.Nxe5 Bxe5 14.Nxe4 dxe4 15.Ba3 
Re8 16.Rfd1 Qf6 17.Rac1 Be6 18.e3 Rad8 19.c4 Kf7 20.Rxd8 Rxd8 21.Rd1 Ke8 
22.h4 Rxd1+ 23.Qxd1 Qd8 24.Qc2 c6 25.Bf1 h5 1/2-1/2

[Event "56th POL-ch"]
[Site "Polanica-Zdroj POL"]
[Date "1999.04.25"]
[Round "3"]
[White "Kempinski, Robert"]
[Black "Ehrenfeucht, Wojciech"]
[Result "1-0"]
[WhiteElo "2533"]
[BlackElo "2337"]
[EventDate "1999.04.23"]
[PlyCount "81"]
[Source "Vistula"]
[SourceDate "1999.08.16"]

1.d4 Nf6 2.Nf3 e6 3.c4 b6 4.g3 Bb7 5.Bg2 Be7 6.O-O O-O 7.Nc3 Ne4 8.Bd2 Bf6
9.Rc1 d5 10.cxd5 Nxd2 11.Qxd2 exd5 12.b4 a6 13.Ne5 c6 14.e4 a5 15.b5 dxe4 
16.Nxe4 Bxe5 17.dxe5 cxb5 18.Qb2 Qe7 19.Rfd1 b4 20.Qd4 b5 21.Nf6+ Kh8 22.
Qd3 gxf6 23.exf6 Qxf6 24.Bxb7 Ra7 25.Qxb5 Qe7 26.Bg2 Nd7 27.Re1 Qd6 28.Qf5
Qf6 29.Qh5 a4 30.Be4 Qg7 31.Qh4 b3 32.axb3 axb3 33.Bxh7 b2 34.Rb1 Nc5 35.
Bf5+ Kg8 36.Rxb2 Ra4 37.Rb4 Rxb4 38.Qxb4 Na6 39.Qd6 Qc3 40.Re4 Qc1+ 41.Kg2
1-0

[Event "56th POL-ch"]
[Site "Polanica-Zdroj POL"]
[Date "1999.04.25"]
[Round "3"]
[White "Grabarczyk, Miroslaw"]
[Black "Pinski, Jan"]
[Result "1/2-1/2"]
[WhiteElo "2462"]
[BlackElo "2346"]
[EventDate "1999.04.23"]
[PlyCount "44"]
[Source "Vistula"]
[SourceDate "1999.08.16"]

1.d4 Nf6 2.c4 e6 3.Nf3 b6 4.g3 Ba6 5.b3 d5 6.cxd5 exd5 7.Bg2 c5 8.O-O Nc6 
9.Bb2 Rc8 10.Nc3 Be7 11.Rc1 O-O 12.dxc5 d4 13.Nb1 bxc5 14.Nbd2 Re8 15.Nc4 
Nd5 16.Qd2 Bf6 17.Rfe1 Ncb4 18.Ba1 Nc3 19.a3 Ne4 20.Qf4 Nd5 21.Qg4 Nec3 
22.Nfd2 Nb6 1/2-1/2

[Event "56th POL-ch"]
[Site "Polanica-Zdroj POL"]
[Date "1999.04.25"]
[Round "3"]
[White "Kuczynski, Robert"]
[Black "Socko, Bartosz"]
[Result "1-0"]
[WhiteElo "2430"]
[BlackElo "2497"]
[EventDate "1999.04.23"]
[PlyCount "171"]
[Source "Vistula"]
[SourceDate "1999.08.16"]

1.e4 c5 2.Nf3 Nc6 3.Bb5 g6 4.Bxc6 dxc6 5.d3 Bg7 6.h3 Nf6 7.Nc3 O-O 8.Be3 
b6 9.Qd2 e5 10.Bh6 Qe7 11.O-O-O Nh5 12.Ne2 f6 13.g4 Bxh6 14.Qxh6 Ng7 15.
Nd2 Be6 16.Kb1 Qf7 17.Nc1 Rad8 18.f4 exf4 19.Qxf4 Bc8 20.Rdf1 Ne6 21.Qg3 
b5 22.Rf2 Qg7 23.Ncb3 Qe7 24.Na5 Bd7 25.Rhf1 Be8 26.Nab3 c4 27.dxc4 bxc4 
28.Nxc4 Ng5 29.Ncd2 Nxe4 30.Nxe4 Qxe4 31.Qc3 Qe7 32.Rxf6 Rxf6 33.Qxf6 Rd1+
34.Nc1 Qxf6 35.Rxf6 Rh1 36.Rf3 h5 37.Ra3 h4 38.b4 Bf7 39.Kb2 Bc4 40.Rc3 
Bb5 41.Nb3 Kf7 42.Nd4 g5 43.Nxb5 cxb5 44.Re3 Rf1 45.a3 a6 46.Kb3 Kf6 47.
Kc3 Rf4 48.Kd3 Kf7 49.c3 Kf6 50.Ke2 Rc4 51.Kd2 Rf4 52.Kd3 Kf7 53.Kc2 Rf1 
54.Kb3 Rb1+ 55.Kc2 Rf1 56.Kd2 Rf4 57.Ke2 Rc4 58.Rf3+ Kg7 59.Kd3 Kg6 60.a4 
Rc7 61.axb5 axb5 62.Rf5 Rd7+ 63.Kc2 Re7 64.Rf3 Re2+ 65.Kb3 Re4 66.Kc2 Re2+
67.Kd3 Rg2 68.Kd4 Rg1 69.c4 bxc4 70.Kxc4 Rc1+ 71.Rc3 Rb1 72.b5 Kf6 73.Rb3 
Rc1+ 74.Kd5 Rd1+ 75.Kc6 Rc1+ 76.Kd7 Rd1+ 77.Kc7 Rc1+ 78.Kb8 Rg1 79.b6 Rg3 
80.Rb5 Rxh3 81.b7 Re3 82.Ka7 Re7 83.Ka8 Re8+ 84.b8=Q Rxb8+ 85.Kxb8 h3 86.
Rf5+ 1-0

[Event "56th POL-ch"]
[Site "Polanica-Zdroj POL"]
[Date "1999.04.26"]
[Round "4"]
[White "Staniszewski, Piotr"]
[Black "Markowski, Tomasz"]
[Result "0-1"]
[WhiteElo "2454"]
[BlackElo "2549"]
[EventDate "1999.04.23"]
[PlyCount "118"]
[Source "Vistula"]
[SourceDate "1999.08.16"]

1.e4 c5 2.Nf3 g6 3.d4 Bg7 4.d5 Nf6 5.Nc3 d6 6.Be2 O-O 7.O-O e6 8.Nd2 exd5 
9.exd5 Nbd7 10.Nc4 Nb6 11.Ne3 Ne8 12.a4 f5 13.f4 Nd7 14.a5 Ndf6 15.Kh1 Nc7
16.Bf3 Rb8 17.h3 h5 18.Qe1 b5 19.axb6 axb6 20.Qg3 Kh7 21.Rb1 Na6 22.b3 b5 
23.Bb2 Re8 24.Rbe1 Rb7 25.Qh4 Ne4 26.Qxd8 Ng3+ 27.Kg1 Rxd8 28.Rf2 Re8 29.
Nxb5 Bxb2 30.Nxd6 Bc3 31.Nxe8 Bxe1 32.Nf6+ Kg7 33.Ne8+ Kf8 34.Nd6 Rb8 35.
Nec4 Bxf2+ 36.Kxf2 Ne4+ 37.Bxe4 fxe4 38.Ne5 Nb4 39.Nxg6+ Kg7 40.Ne7 Bd7 
41.c3 Na6 42.Nxe4 Rxb3 43.d6 Rb1 44.f5 h4 45.g4 hxg3+ 46.Kxg3 Rf1 47.Kg4 
c4 48.Kg5 Nb8 49.h4 Nc6 50.h5 Kf7 51.f6 Nxe7 52.fxe7 Rf5+ 53.Kh6 Ke6 54.
Kg6 Be8+ 55.Kg7 Bxh5 56.Ng3 Rg5+ 57.Kf8 Rxg3 58.e8=Q+ Bxe8 59.d7 Rg8+ 0-1

[Event "56th POL-ch"]
[Site "Polanica-Zdroj POL"]
[Date "1999.04.26"]
[Round "4"]
[White "Socko, Bartosz"]
[Black "Gdanski, Jacek"]
[Result "1/2-1/2"]
[WhiteElo "2497"]
[BlackElo "2530"]
[EventDate "1999.04.23"]
[PlyCount "26"]
[Source "Vistula"]
[SourceDate "1999.08.16"]

1.e4 c5 2.Nf3 g6 3.d4 cxd4 4.Nxd4 Nc6 5.c4 Nf6 6.Nc3 d6 7.Be2 Nxd4 8.Qxd4 
Bg7 9.Bg5 O-O 10.Qd2 Be6 11.O-O Qa5 12.Rfc1 Rfc8 13.f3 Qb6+ 1/2-1/2

[Event "56th POL-ch"]
[Site "Polanica-Zdroj POL"]
[Date "1999.04.26"]
[Round "4"]
[White "Pinski, Jan"]
[Black "Sosnicki, Michal"]
[Result "1/2-1/2"]
[WhiteElo "2346"]
[BlackElo "2286"]
[EventDate "1999.04.23"]
[PlyCount "69"]
[Source "Vistula"]
[SourceDate "1999.08.16"]

1.e4 e5 2.Nf3 Nc6 3.Bb5 a6 4.Ba4 Nf6 5.O-O Be7 6.Bxc6 dxc6 7.d3 Nd7 8.Nbd2
O-O 9.Nc4 f6 10.Nh4 Nc5 11.Nf5 Bxf5 12.exf5 b5 13.Na5 Qd5 14.Qf3 Bd6 15.
Qg4 Rae8 16.b4 Na4 17.c4 Qxd3 18.c5 Nc3 19.Bh6 Rf7 20.cxd6 cxd6 21.Nxc6 d5
22.Rfe1 Rc8 23.Nxe5 fxe5 24.Rxe5 Ne4 25.Rd1 Nf6 26.Qxg7+ Rxg7 27.Rxd3 Ng4 
28.Rexd5 Nxh6 29.Rd8+ Rxd8 30.Rxd8+ Kf7 31.Rd6 Nxf5 32.Rxa6 Rg4 33.a3 Rc4 
34.g3 Rc3 35.a4 1/2-1/2

[Event "56th POL-ch"]
[Site "Polanica-Zdroj POL"]
[Date "1999.04.26"]
[Round "4"]
[White "Ehrenfeucht, Wojciech"]
[Black "Grabarczyk, Miroslaw"]
[Result "1/2-1/2"]
[WhiteElo "2337"]
[BlackElo "2462"]
[EventDate "1999.04.23"]
[PlyCount "106"]
[Source "Vistula"]
[SourceDate "1999.08.16"]

1.e4 e5 2.Nf3 Nc6 3.Bb5 Nf6 4.O-O Nxe4 5.d4 Be7 6.Qe2 Nd6 7.Bxc6 bxc6 8.
dxe5 Nb7 9.Nd4 O-O 10.Rd1 Bc5 11.Nc3 Re8 12.Bf4 Bxd4 13.Rxd4 d5 14.Qh5 Qd7
15.b4 Nd8 16.Bg3 Qf5 17.Qxf5 Bxf5 18.Rd2 Ne6 19.Ne2 a5 20.c3 Reb8 21.Nd4 
Nxd4 22.Rxd4 axb4 23.Rxb4 Rxb4 24.cxb4 Ra3 25.e6 Bxe6 26.Bxc7 d4 27.Be5 d3
28.Bb2 Ra8 29.a3 Bb3 30.Bc3 f6 31.f3 Kf7 32.Kf2 Re8 33.Re1 Rd8 34.Ke3 Bc4 
35.Kd2 Bb5 36.Re3 Ra8 37.Bb2 h5 38.h4 Ra7 39.Re4 Kg6 40.Ke3 Kf7 41.Kd2 Ra8
42.Bc1 Rd8 43.Bb2 Rd7 44.Rd4 Rc7 45.a4 Bxa4 46.Kxd3 Bb5+ 47.Ke3 Re7+ 48.
Re4 Ra7 49.Rd4 Ra2 50.Rd2 Ke6 51.Bd4 Ra3+ 52.Kf4 Rd3 53.Rxd3 Bxd3 1/2-1/2

[Event "56th POL-ch"]
[Site "Polanica-Zdroj POL"]
[Date "1999.04.26"]
[Round "4"]
[White "Grabarczyk, Bogdan"]
[Black "Kempinski, Robert"]
[Result "0-1"]
[WhiteElo "2380"]
[BlackElo "2533"]
[EventDate "1999.04.23"]
[PlyCount "80"]
[Source "Vistula"]
[SourceDate "1999.08.16"]

1.e4 c5 2.Nf3 d6 3.d4 cxd4 4.Nxd4 Nf6 5.Nc3 a6 6.Bg5 e6 7.f4 Be7 8.Qf3 h6 
9.Bh4 Nbd7 10.O-O-O Qc7 11.Bd3 g5 12.e5 gxh4 13.exf6 Nxf6 14.f5 e5 15.Nde2
Bd7 16.Be4 Nxe4 17.Nxe4 Bc6 18.N2c3 Rc8 19.Qe2 Rg8 20.Rhe1 Bxe4 21.Qxe4 
Qc6 22.Rd5 Qc4 23.f6 Bxf6 24.Rd4 Qc6 25.Nd5 Bg5+ 26.Kb1 Kf8 27.Rb4 Bd2 28.
Rb6 Qc4 29.Qxc4 Rxc4 30.Re2 Rd4 31.c4 Bg5 32.b3 Rd2 33.Rxd2 Bxd2 34.Rxb7 
Rxg2 35.b4 Rxh2 36.c5 dxc5 37.bxc5 h3 38.Rb8+ Kg7 39.Rb3 Rh1+ 40.Kc2 Bg5 
0-1

[Event "56th POL-ch"]
[Site "Polanica-Zdroj POL"]
[Date "1999.04.26"]
[Round "4"]
[White "Jakubiec, Artur"]
[Black "Urban, Klaudiusz"]
[Result "1-0"]
[WhiteElo "2428"]
[BlackElo "2444"]
[EventDate "1999.04.23"]
[PlyCount "85"]
[Source "Vistula"]
[SourceDate "1999.08.16"]

1.e4 g6 2.d4 Bg7 3.Nc3 d6 4.Be3 a6 5.f4 b5 6.Be2 Bb7 7.Bf3 Nd7 8.e5 Bxf3 
9.Qxf3 e6 10.O-O-O d5 11.g4 Ne7 12.Nge2 f5 13.exf6 Nxf6 14.Ng3 Qd7 15.Kb1 
O-O-O 16.Nce2 h5 17.h3 Rdf8 18.Nc1 Ne4 19.Nd3 Qc6 20.Qg2 hxg4 21.hxg4 Nxg3
22.Qxg3 Qd6 23.Qg2 Nc6 24.Rhe1 g5 25.fxg5 Nxd4 26.Rh1 Rxh1 27.Qxh1 Rh8 28.
Qf1 Qf8 29.Nf4 e5 30.Nxd5 Qc5 31.Bxd4 exd4 32.Qf5+ Kb8 33.Nf4 Qc6 34.Nh5 
Rf8 35.Qh7 Qf3 36.Qd3 Qxd3 37.cxd3 Be5 38.Re1 Bd6 39.g6 Rg8 40.g7 Kc8 41.
g5 Bb4 42.Re6 Kd7 43.Rh6 1-0

[Event "56th POL-ch"]
[Site "Polanica-Zdroj POL"]
[Date "1999.04.27"]
[Round "5"]
[White "Kempinski, Robert"]
[Black "Jakubiec, Artur"]
[Result "1-0"]
[WhiteElo "2533"]
[BlackElo "2428"]
[EventDate "1999.04.23"]
[PlyCount "41"]
[Source "Vistula"]
[SourceDate "1999.08.16"]

1.d4 d6 2.Nf3 f5 3.Nc3 Nf6 4.Bg5 d5 5.e3 e6 6.g4 fxg4 7.Ne5 Be7 8.Bd3 Nbd7
9.Rg1 Nxe5 10.dxe5 Nd7 11.Qxg4 Bxg5 12.Qh5+ g6 13.Bxg6+ hxg6 14.Qxh8+ Nf8 
15.O-O-O c6 16.Ne4 Be7 17.Rxg6 Qa5 18.Nf6+ Kd8 19.Rg8 Qxa2 20.Rxf8+ Kc7 
21.Qg7 1-0

[Event "56th POL-ch"]
[Site "Polanica-Zdroj POL"]
[Date "1999.04.27"]
[Round "5"]
[White "Grabarczyk, Miroslaw"]
[Black "Grabarczyk, Bogdan"]
[Result "1/2-1/2"]
[WhiteElo "2462"]
[BlackElo "2380"]
[EventDate "1999.04.23"]
[PlyCount "33"]
[Source "Vistula"]
[SourceDate "1999.08.16"]

1.d4 Nf6 2.c4 g6 3.Nf3 Bg7 4.g3 O-O 5.Bg2 d6 6.Nc3 Nbd7 7.O-O e5 8.e4 c6 
9.Re1 exd4 10.Nxd4 Qb6 11.Rb1 Ng4 12.Nce2 Qa6 13.b3 Qxa2 14.Bg5 Qa3 15.h3 
Ngf6 16.b4 Ne5 17.Rb3 1/2-1/2

[Event "56th POL-ch"]
[Site "Polanica-Zdroj POL"]
[Date "1999.04.27"]
[Round "5"]
[White "Sosnicki, Michal"]
[Black "Ehrenfeucht, Wojciech"]
[Result "0-1"]
[WhiteElo "2286"]
[BlackElo "2337"]
[EventDate "1999.04.23"]
[PlyCount "54"]
[Source "Vistula"]
[SourceDate "1999.08.16"]

1.Nf3 c5 2.g3 g6 3.Bg2 Bg7 4.d4 cxd4 5.Nxd4 Nc6 6.Nb3 Nf6 7.O-O d6 8.Nc3 
Bg4 9.h3 Be6 10.e4 Qd7 11.Kh2 h5 12.Nd5 Ng4+ 13.hxg4 hxg4+ 14.Kg1 O-O-O 
15.Be3 Rh5 16.Nf4 Rdh8 17.Nxh5 Rxh5 18.Nd4 Ne5 19.Nxe6 Qxe6 20.Bf4 Nc4 21.
Rb1 g5 22.Bd2 Bxb2 23.e5 dxe5 24.Bc1 Bd4 25.c3 Bb6 26.Bd5 Qf5 27.Bxc4 Qe4 
0-1

[Event "56th POL-ch"]
[Site "Polanica-Zdroj POL"]
[Date "1999.04.27"]
[Round "5"]
[White "Kuczynski, Robert"]
[Black "Pinski, Jan"]
[Result "1/2-1/2"]
[WhiteElo "2430"]
[BlackElo "2346"]
[EventDate "1999.04.23"]
[PlyCount "25"]
[Source "Vistula"]
[SourceDate "1999.08.16"]

1.e4 e5 2.Nf3 Nc6 3.Bb5 Nd4 4.Nxd4 exd4 5.Bc4 h5 6.d3 Bc5 7.Nd2 c6 8.O-O 
d5 9.exd5 cxd5 10.Bb3 Ne7 11.Nf3 Qd6 12.Ba4+ Kf8 13.h3 1/2-1/2